000 01072nam a2200241 a 4500
001 84335
003 BD-RjUL
005 20241120154207.0
008 241120s1973 ii ||||| |||| 00| 0 ben d
035 _a(BD-RjUL)84335
040 _aBD-RjUL
_beng
_cBD-RjUL
041 _aben
082 _223
_a823
_bSCS 1973
100 _aস্কট, স্যার ওয়াল্টার
_914346
245 _aসার ওয়াল্টার স্কটের গ্রন্থাবলী /
_cস্যার ওয়াল্টার স্কট প্রনীত ; শরৎচন্দ্র মিত্র অনূদিত
260 _aকলিকাতা :
_bবসুমতী সাহিত্য-মন্দির,
_c[১৯৭৩]
300 _aখণ্ড;
_c২৫ সেমি.
600 _aস্কট, স্যার ওয়াল্টার
_914346
650 _aইংরেজী উপন্যাস
_91850
650 _aEnglish novel
_911021
700 _aমিত্র, শরৎচন্দ্র
_914347
942 _2ddc
_cBK
999 _c84335
_d84335